000 00334nam a22001451a 4500
082 _aM301
_bDEV/E
100 _aDevi
245 _aEzhamathe chumbanam/
_cby Devi
260 _aKodungalloor:
_bDevi,
_c1999.
300 _a121p.
650 _aStories Malayalam
650 _aLiterature Malayalam
650 _aLiterature
942 _cBK
999 _c14265
_d14265